Korn Album Discography Quiz - Statistics

General Stats
  • This quiz has been taken 8 times
  • The average score is 13 of 19
Answer Stats
Hint Answer % Correct
1998 - Studio Follow the Leader
100%
1994 - Studio Korn
100%
1996 - Studio Life is Peachy
100%
2022 - Studio Requiem
100%
1999 - Studio Issues
80%
2010 - Studio Korn III: Remember Who You Are
80%
2005 - Studio See You on the Other Side
80%
2003 - Studio Take a Look in the Mirror
80%
2019 - Studio The Nothing
80%
2007 - Studio Untitled / Korn II
80%
2002 - Studio Untouchables
80%
1993 - Demo Neidermayer’s Mind
60%
2013 - Studio The Paradigm Shift
60%
2004 - Compilation Greatest Hits Vol. 1
40%
2006 - Live Live & Rare
40%
2011 - Studio The Path of Totality
40%
2016 - Studio The Serenity of Suffering
40%
2007 - Live MTV Unplugged
20%
2006 - Compilation Chopped, Screwed, Live and Unglued
0%
No matching quizzes found
Score Distribution
Percent of People with Each Score
Percentile by Number Answered
Your Score History
You have not taken this quiz